Statistics for Say Don't Go (TV) - Taylor Swift (All Lyrics)

Click here to take the quiz!

General Stats

  • This quiz has been taken 28 times
    (10 since last reset)
  • The average score is 342 of 429

Answer Stats

Lyrics% Correct
a
100%
And
100%
and
100%
don't
100%
"(Don't)
100%
"Don't
100%
for
100%
go,"
100%
go"
100%
(Go)
100%
(I
100%
I
100%
"I
100%
say)
100%
say,
100%
(Say)
100%
say
100%
Say,
100%
(Say,
100%
the
100%
The
100%
you
100%
you?
100%
You
100%
you)
100%
you")
100%
you"
100%
forever
86%
if
86%
in
86%
me
86%
on?
86%
on
86%
standin'
86%
stay
86%
to
86%
to)
86%
wait
86%
won't,
86%
won't
86%
would
86%
alone
71%
away
71%
back
71%
bleedin',
71%
bleedin'?
71%
But
71%
but
71%
by
71%
dark
71%
drive
71%
from
71%
have
71%
it
71%
it's
71%
I've
71%
knife?
71%
known
71%
leave
71%
no,
71%
not
71%
Oh
71%
oh
71%
(Oh)
71%
said,
71%
screamin',
71%
screamin'
71%
show
71%
sidewalk
71%
start
71%
tightrope
71%
twist
71%
very
71%
Walk
71%
(Why'd
71%
Why'd
71%
bit
57%
close
57%
darkest
57%
Fading
57%
fair
57%
Halfway
57%
has
57%
hold
57%
holdin'
57%
hope
57%
I'm
57%
into
57%
is
57%
Just
57%
lead
57%
little
57%
longer
57%
love
57%
madness
57%
Make
57%
(Make
57%
night?
57%
nothin'
57%
Now
57%
out
57%
sadness
57%
shot
57%
silence
57%
stop
57%
that
57%
waiting
57%
want
57%
We're
57%
whisper
57%
your
57%
blow
43%
breath
43%
cards
43%
'Cause
43%
door,
43%
ground
43%
match,
43%
mine
43%
my
43%
pacin'
43%
see
43%
shaky
43%
stops
43%
then
43%
there
43%
time
43%
tryna
43%
unarmed
43%
you're
43%
yours,
43%
about
29%
kiss
29%
Strike
29%
unless
29%
fold
14%
woah
14%

Score Distribution

Percentile by Number Answered

Percent of People with Each Score

Your Score History

You have not taken this quiz since the last reset